000 00341nam a2200157Ia 4500
005 20250423095515.0
008 250422s9999 xx 000 0 und d
020 _a9988097073
050 _aDT 510 .A66/
245 0 _aGhana at 50
260 _aGhana
260 _bGovernment of Ghana
260 _c2007
300 _a144 p
942 _cBK
999 _c30485
_d30485